| 000 | 00627nam a2200241 a 4500 | ||
|---|---|---|---|
| 008 | 020123s1971 m yxo a r y 0 slo c | ||
| 040 |
_aSNK _bslo _cSNK _eAACR2 |
||
| 041 | 1 |
_aslo _aeng |
|
| 044 |
_axo _cSK |
||
| 080 | _a801.323.2=854=20 | ||
| 080 | _a808.54 | ||
| 080 | _a802.0 | ||
| 100 | 1 | _4aut | |
| 245 | 1 | 0 |
_aSlovensko anglický slovník _cAliberto Caforio |
| 260 |
_aBratislava _bSPN _c1971 |
||
| 500 | _ah | ||
| 504 | _aBibliogr. s. 997 | ||
| 650 | 0 | 7 |
_aslovenčina _xslovníky slovensko-anglické _2SNK |
| 650 | 0 | 7 |
_aslovníky slovensko-anglické _2SNK |
| 760 | 1 | _tNová edícia | |
| 020 | _c29 | ||
| 958 | _aASL | ||
| 999 |
_c19197 _d19197 |
||